| 000 | 00790nam a22002537a 4500 | ||
|---|---|---|---|
| 005 | 20241218113901.0 | ||
| 010 | _aENG-143065 | ||
| 020 |
_c635.00 _a9788179307991 |
||
| 020 | _a8179307999 | ||
| 035 | _aEN-126597 | ||
| 037 | _bDBAD | ||
| 082 |
_a000 _29 |
||
| 100 |
_aRashmi, C. _975310 |
||
| 245 |
_aQuantitative Aptitude/ _cBy C. Rashmi...[et.al] |
||
| 250 | _a9 | ||
| 260 |
_aNew Delhi _bSpectrum Books Pvt. Ltd. _c2022 |
||
| 270 |
_bNew Delhi _aA1 291, First Floor, Janakpuri, New Delhi _e110058 |
||
| 300 |
_a864p. _c24cm(pb) |
||
| 500 | _aFor Bank PO/MT and Other Competitive Examination | ||
| 700 |
_aGovind, Usha _eAuthor _975311 |
||
| 700 |
_aSharma, Sandesh _eAuthor _975312 |
||
| 700 |
_aRajeshwari, V. _eAuthor _975313 |
||
| 942 |
_2ddc _cEN _h000 _mRAS _e9 |
||
| 999 |
_c207779 _d207779 |
||